Name All Gen Alpha Words/Slang - Statistics

General Stats
  • This quiz has been taken 229 times
  • The average score is 7 of 10
Answer Stats
Hint Answer % Correct
Word from an animation series about toilets Skibidi
96%
Referring to someones butt Gyatt
93%
Word to describe someone who can pull woman Rizz
93%
Putting your tongue on the roof of your mouth, to have a sharper jawline Mewing
85%
If you're trying to say you're dominant and you're the leader Sigma
82%
Describing the theft of food between friends Fanum Tax
77%
Maxing out you're looks Looksmaxxing
56%
Referring to someone lesser than himself Beta
46%
Getting more likes than the original post Ratio
33%
Referring to something bad or goofy Ohio
26%
No matching quizzes found
Score Distribution
Percent of People with Each Score
Percentile by Number Answered
Your Score History
You have not taken this quiz